| 000 -LEADER |
| fixed length control field |
00495pab a2200157 454500 |
| 008 - FIXED-LENGTH DATA ELEMENTS--GENERAL INFORMATION |
| fixed length control field |
180718b2009 xxu||||| |||| 00| 0 eng d |
| 100 ## - MAIN ENTRY--PERSONAL NAME |
| Personal name |
Duncombe, Richard |
| 245 ## - TITLE STATEMENT |
| Title |
Mobile phones and financial services in developing countries: a review of concepts, methods, issues, evidence and future research directions |
| 260 ## - PUBLICATION, DISTRIBUTION, ETC. |
| Date of publication, distribution, etc. |
2009 |
| 300 ## - PHYSICAL DESCRIPTION |
| Extent |
p.1237-258. |
| 650 ## - SUBJECT ADDED ENTRY--TOPICAL TERM |
| Topical term or geographic name entry element |
Mobile communication |
| 700 ## - ADDED ENTRY--PERSONAL NAME |
| Personal name |
Boateng, Richard |
| 773 ## - HOST ITEM ENTRY |
| Main entry heading |
Third World Quarterly |
| 908 ## - PUT COMMAND PARAMETER (RLIN) |
| Put command parameter |
N |
| 909 ## - |
| -- |
84707 |